[Event "ch-UKR Final"]
[Site "Kharkov UKR"]
[Date "2007.11.24"]
[Round "8"]
[White "Drozdovskij,Y"]
[Black "Vysochin,S"]
[Result "1/2-1/2"]
[WhiteElo "2567"]
[BlackElo "2524"]

1.Nf3 d5 2.c4 c6 3.b3 Nf6 4.Bb2 Bf5 5.g3 h6 6.Bg2 e6 7.O-O Be7 8.d3 O-O 9.Nbd2 a5
10.a3 Nbd7 11.Ra2 Re8 12.Qa1 Bh7 13.Ne5 Nxe5 14.Bxe5 Bd6 15.Rc1  1/2-1/2

[Event "WYg16"]
[Site "Kemer TUR"]
[Date "2007.11.25"]
[Round "8"]
[White "Beridze,T"]
[Black "Tsatsalashvili,K"]
[Result "0-1"]
[WhiteElo "2033"]
[BlackElo "2161"]

1.Nf3 d5 2.c4 e6 3.e3 c5 4.cxd5 exd5 5.d4 Nf6 6.Nc3 c4 7.b3 Bb4 8.Bd2 Qa5
9.Rc1 b5 10.bxc4 bxc4 11.Be2 O-O 12.O-O Bf5 13.Ne5 Qa6 14.Nxd5 Nxd5 15.Bxc4 Qd6
16.Bxd5 Bxd2 17.Bxa8 Bxc1 18.Qxc1 f6 19.Nc4 Qd7 20.Qa3 Nc6 21.Bxc6 Qxc6 22.Nd6 Be6
23.Rc1 Qd5 24.Qc5 Qxa2 25.e4 Qd2 26.d5 Bd7 27.Qc3 Qg5 28.Ra1 h6 29.h3 Ra8
30.Nc4 Rc8 31.Rc1 Bb5 32.h4 Qf4 33.Qe3 Qxe3 34.fxe3 Rxc4 35.Ra1 a6 36.Kf2 Rxe4
37.g3 Kf7 38.Kf3 Rc4 39.Ra2 Ke7 40.e4 h5 41.Kf4 g6 42.Ra3 Kd6 43.Rb3 Rc1
44.e5+ fxe5+ 45.Kg5 Kxd5 46.Kxg6 Kc4 47.Rb2 Rg1 48.Kxh5 Rxg3 49.Kh6 e4 50.h5 e3
51.Kh7 Kc3  0-1

[Event "WYb14"]
[Site "Kemer TUR"]
[Date "2007.11.26"]
[Round "9"]
[White "Kantans,T"]
[Black "Rahimov,R"]
[Result "0-1"]
[WhiteElo "2015"]
[BlackElo "2120"]

1.Nf3 d5 2.c4 dxc4 3.Na3 a6 4.Nxc4 b5 5.Ne3 Bb7 6.g3 Nf6 7.Bg2 e6 8.O-O Nbd7
9.b3 Be7 10.Bb2 O-O 11.Rc1 c5 12.Nc2 Qb6 13.e3 Rfd8 14.Qe2 Rac8 15.Rfd1 Bd5
16.d3 c4 17.Ncd4 Qa5 18.bxc4 bxc4 19.dxc4 Ba8 20.Ba1 Ba3 21.Nb3 Qa4 22.Bb2 Bxb2
23.Qxb2 Rxc4 24.Rxc4 Qxc4 25.Ne5 Qc8 26.Bxa8 Qxa8 27.Qd4 Nd5 28.Nxd7 Rxd7
29.Nc5 Nxe3 30.fxe3 Rxd4 31.Rxd4 g6 32.e4 Qc6 33.Nb3  0-1

[Event "WYg16"]
[Site "Kemer TUR"]
[Date "2007.11.26"]
[Round "9"]
[White "Beridze,T"]
[Black "Repina,V"]
[Result "0-1"]
[WhiteElo "2033"]
[BlackElo "2154"]

1.Nf3 d5 2.c4 dxc4 3.e3 g6 4.Bxc4 Bg7 5.Nc3 Nf6 6.Ne5 O-O 7.Qb3 e6 8.d4 c5
9.dxc5 Qc7 10.Nd3 Nbd7 11.Qa3 a6 12.O-O Rb8 13.Bb3 Re8 14.Bd1 b5 15.cxb6 Nxb6
16.Qc5 Qd8 17.Be2 Nbd7 18.Qg5 Bb7 19.Bd2 e5 20.Rfd1 e4 21.Nb4 Re5 22.Qg3 a5
23.Nc2 Nh5 24.Bxh5 Rxh5 25.h3 Be5 26.Qg4 Rh4 27.Qe2 Qg5 28.g3 Rxh3 29.Qf1 Qg4
30.Be1 Nc5 31.Nd4 Nd3 32.Nce2 Ba6 33.Qg2 Rxb2 34.Nf4 Bxf4 35.gxf4 Qxg2+ 36.Kxg2 Rxe3
37.Bd2 Nxf4+ 38.Kg1 Nh3+ 39.Kg2 Rd3 40.Nb3 Bc8 41.Be1 Nf4+ 42.Kg1 Ne2+ 43.Kg2 Nf4+
44.Kg1 Bg4 45.Rxd3 exd3 46.Nd2 a4 47.a3 Ne2+ 48.Kg2 Nd4 49.Nc4 Rb5 50.Nd6 Rd5
51.Ne8 Bf3+ 52.Kh3 Rh5+ 53.Kg3 Rg5+ 54.Kh4 Rg4+ 55.Kh3 Rf4 56.Bd2 Nb3 57.Bxf4 Nxa1
58.Nf6+ Kg7 59.Be5 Nb3 60.Bc3 g5 61.Kg3 Bc6 62.Nd7+ Kh6 63.Ne5 d2 64.Ng4+ Kh5
65.Ne3 g4 66.Kf4 Bf3 67.Bxd2 Nxd2 68.Nc2 Nc4 69.Kf5 Bd1 70.Nb4 Nxa3 71.Kf6 Bb3
72.Kf5 Nc2 73.Nd3 Be6+  0-1

[Event "67th ch-ITA"]
[Site "Martina Franca ITA"]
[Date "2007.11.27"]
[Round "5"]
[White "Contin,D"]
[Black "Bruno,Fabi"]
[Result "0-1"]
[WhiteElo "2318"]
[BlackElo "2445"]

1.Nf3 d5 2.c4 e6 3.g3 Bd6 4.d4 c6 5.Nbd2 f5 6.Bg2 Nf6 7.b3 Nbd7 8.Bb2 O-O
9.O-O Qe7 10.Ne5 a5 11.Qc2 Ne4 12.Ndf3 Ndf6 13.Nd3 b6 14.Nfe5 Bb7 15.f3 Ng5
16.c5 bxc5 17.Nxc5 Bxc5 18.Qxc5 Qxc5 19.dxc5 a4 20.b4 a3 21.Bd4 Nf7 22.Rfc1 Nxe5
23.Bxe5 Ba6 24.e3 Rf7 25.Rc3 Bc4 26.Bf1 Bxf1 27.Kxf1 Rb7 28.Bxf6 gxf6 29.Rb1 Kf7
30.Ke2 e5 31.Rcb3 Rb5 32.Kd2 Ke6 33.Kc3 h5 34.Rg1 Rb7 35.Rgb1 Rbb8 36.Re1 h4
37.Rbb1 Rh8 38.Rh1 Rag8 39.gxh4 Rxh4 40.Kb3 Rh3 41.Rbf1 Ra8 42.Rf2 Rh4 43.Rd1 Rb8
44.f4 Rh3 45.Rd3 Rh7 46.Kxa3 Ra7+ 47.Kb3 Rba8 48.Rb2 Ra3+ 49.Kc2 Rxa2 50.Rb3 R2a7
51.Kd3 Rb7 52.h4 Rh8 53.b5 cxb5 54.Rxb5 Rxb5 55.Rxb5 Rxh4 56.Rb6+ Ke7 57.Rb7+ Kd8
58.Rf7 d4 59.Rxf6 dxe3 60.fxe5 Re4 61.Ke2 Rxe5 62.Rf7 Ke8 63.Rh7 f4 64.c6 Kd8
65.Rf7 Re4 66.Rd7+ Kc8 67.Rd1 Rc4 68.Rd6 Rc2+ 69.Kd1 e2+ 70.Ke1 f3  0-1

[Event "20th Belgrade Trophy"]
[Site "Belgrade SRB"]
[Date "2007.11.29"]
[Round "8"]
[White "Mihic,B"]
[Black "Starcevic,G"]
[Result "1-0"]
[WhiteElo "2377"]
[BlackElo "2241"]

1.Nf3 d5 2.c4 c6 3.d4 e6 4.e3 f5 5.Ne5 Nf6 6.Nc3 Bd6 7.Be2 O-O 8.O-O Nbd7
9.f4 Qe7 10.Bf3 Ne4 11.Bxe4 fxe4 12.Bd2 Rf6 13.c5 Bc7 14.b4 Rh6 15.Be1 Nf8
16.a4 Bd7 17.Ra2 Ng6 18.Ng4 Rh4 19.Bxh4 Nxh4 20.Ne5 Be8 21.Qb3 Bh5 22.Ne2 Bxe5
23.fxe5 Qg5 24.Ng3 Bg4 25.b5 h5 26.bxc6 bxc6 27.Raf2 Kh7 28.Kh1 Ng6 29.Ne2 h4
30.Nf4 h3 31.Nxh3 Bxh3 32.gxh3 Nh4 33.Rg1 Qh6 34.Rf6 Qh5 35.Rxg7+ Kh8 36.Rg4 Nf5
37.Qb7 Rg8 38.Qf7 Qxf7 39.Rxf7 Rb8 40.Rxa7 Nd6 41.Rgg7 Nf5 42.Rgb7 Rf8 43.Kg2  1-0

[Event "Parsvnath ch-Commonwealth"]
[Site "New Delhi IND"]
[Date "2007.12.03"]
[Round "2"]
[White "Lakshmi Narayanan,M"]
[Black "Thejkumar,M"]
[Result "0-1"]
[WhiteElo "2157"]
[BlackElo "2355"]

1.Nf3 d5 2.c4 e6 3.g3 Nf6 4.d4 dxc4 5.Qa4+ Nbd7 6.Bg2 a6 7.Nc3 c5 8.O-O Rb8
9.dxc5 Bxc5 10.Bf4 b5 11.Qc2 Rb6 12.Rad1 Qe7 13.a4 e5 14.Bg5 Qe6 15.Nh4 O-O
16.Nf5 g6 17.Ne3 Bd4 18.Ncd5 Rb8 19.Nc7 Qd6 20.Ncd5 Bb7 21.Nxf6+ Nxf6 22.axb5 axb5
23.Bxb7 Rxb7 24.Nxc4 bxc4 25.e3 Rc8 26.Rd2 Qb6 27.exd4 exd4 28.Rfd1 Rd7 29.Be3 Rcd8
30.Bg5 Rc8 31.Be3 dxe3 32.Rxd7 Nxd7 33.Rxd7 Qe6 34.Rd1 e2 35.Re1 Re8 36.Qd2 Qg4
37.Kg2 Qe4+ 38.Kg1 Qd3 39.Qc3 h5 40.h4 Re6 41.Kg2 Kh7 42.Kh2 Kg8 43.Kg2 f6
44.Qc1 Kg7 45.Qc3 Re5 46.Qb4 Qe4+ 47.f3 Qd3 48.Qb7+ Kf8 49.Qc8+ Kf7 50.Qc7+ Re7
51.Qf4 Re5 52.Kf2 Ke6 53.Qc1 g5 54.hxg5 fxg5 55.Qa1 g4 56.Qa6+ Kf7 57.Qb7+ Re7
58.Qc6 Re6 59.Qb7+ Kg6 60.f4 h4 61.gxh4 Qe3+ 62.Kg2 Qh3+ 63.Kf2 Qxh4+ 64.Kg2 Qxe1
65.f5+ Kf6  0-1

[Event "Parsvnath ch-Commonwealth"]
[Site "New Delhi IND"]
[Date "2007.12.04"]
[Round "3"]
[White "Hegde,R1"]
[Black "Madhukiran,G"]
[Result "1-0"]
[WhiteElo "2277"]
[BlackElo "2013"]

1.Nf3 d5 2.c4 e6 3.g3 f5 4.Bg2 Nf6 5.d4 c6 6.O-O Bd6 7.b3 O-O 8.Ba3 Bxa3
9.Nxa3 Nbd7 10.Nb1 Ne4 11.Nbd2 Qe7 12.e3 b5 13.Qc2 a5 14.Rfc1 b4 15.cxd5 cxd5
16.Qc7 Nc3 17.Bf1 Ba6 18.Ne5 Bxf1 19.Kxf1 Rfd8 20.Nc6 Qe8 21.Nxd8 Qxd8 22.Qxd8+ Rxd8
23.a3 Nf6 24.axb4 axb4 25.Ra6 Re8 26.Rca1 Nfe4 27.Nxe4 Nxe4 28.Ra8 Kf7 29.Rxe8 Kxe8
30.Ke2 Ke7 31.f3 Nc3+ 32.Kd3 h5 33.Ra7+ Kf6 34.Ra4 Nxa4 35.bxa4 Ke7 36.Kc2 Kd6
37.Kb3 Kc6 38.Kxb4 g5 39.f4 gxf4 40.exf4 Kb6 41.a5+ Ka6 42.Ka4 Ka7 43.Kb5 Kb7
44.Kc5 Ka6 45.Kd6 Kxa5 46.Kxe6 Kb5 47.Kxd5 Kb6 48.Kd6  1-0

[Event "Parsvnath ch-Commonwealth"]
[Site "New Delhi IND"]
[Date "2007.12.04"]
[Round "3"]
[White "Murshed,N"]
[Black "Thakur,Ak"]
[Result "1-0"]
[WhiteElo "2428"]
[BlackElo "2243"]

1.Nf3 d5 2.c4 dxc4 3.e3 c5 4.Bxc4 Nf6 5.O-O a6 6.d4 e6 7.b3 Nc6 8.Bb2 b5
9.Be2 Bb7 10.a4 b4 11.Nbd2 Be7 12.dxc5 Bxc5 13.Qc2 Be7 14.Rfd1 Qc7 15.Rac1 Rc8
16.Be5 Qb6 17.Nc4 Qa7 18.Nd6+ Bxd6 19.Bxd6 Nd5 20.Qb2 f6 21.Ng5 Nd8 22.Rxc8 Bxc8
23.Bh5+ Kd7 24.Bxb4 Nc6 25.Ba3 Kc7 26.e4 Ndb4 27.Bxb4 Nxb4 28.Qc3+ Nc6 29.Nf7 Rf8
30.Qg3+ Ne5 31.Nxe5 fxe5  1-0

[Event "Parsvnath ch-Commonwealth"]
[Site "New Delhi IND"]
[Date "2007.12.04"]
[Round "3"]
[White "Gomes,Ma"]
[Black "Deepthamsh,R"]
[Result "1-0"]
[WhiteElo "2262"]
[BlackElo "2005"]

1.Nf3 d5 2.c4 c6 3.b3 Bf5 4.Bb2 e6 5.g3 Nf6 6.Bg2 Be7 7.O-O O-O 8.d3 Nbd7
9.Nbd2 Qc7 10.Qc2 Bg6 11.a3 a5 12.Qc3 Bd6 13.e4 dxe4 14.Nxe4 Be7 15.Rfe1 Rfe8
16.Ned2 Rad8 17.d4 Bf8 18.h3 c5 19.Qe3 cxd4 20.Nxd4 Nc5 21.Nb5 Qc8 22.Bxf6 gxf6
23.Ne4 Nxe4 24.Bxe4 f5 25.Bg2 Bc5 26.Qf4 b6 27.Na7 Qb8 28.Qxb8 Rxb8 29.Nc6 Rbc8
30.b4 axb4 31.axb4 Bd6 32.Red1 Bf8 33.Ra6 e5 34.Rxb6 e4 35.c5 Re6 36.Na5 Rxb6
37.cxb6 Bxb4 38.b7 Rb8 39.Nc6 Rxb7 40.Rb1 Rb6 41.Nxb4 f4 42.Rb2 e3 43.fxe3 fxe3
44.Nd3 Rd6 45.Nf4 Rd1+ 46.Bf1 Rd2 47.Rb8+ Kg7 48.Re8 e2 49.Rxe2 Rd1 50.Kf2 Ra1
51.Rb2 Ra3 52.Bc4 Rc3 53.Bd5 Rc2+ 54.Rxc2 Bxc2 55.Ke3 h6 56.Be4 Bb3 57.Nh5+ Kg8  1-0

[Event "Open"]
[Site "Granada ESP"]
[Date "2007.12.07"]
[Round "4"]
[White "Damljanovic,B"]
[Black "Ibarra Jerez,JC"]
[Result "1-0"]
[WhiteElo "2608"]
[BlackElo "2484"]

1.Nf3 d5 2.c4 dxc4 3.e3 Nf6 4.Bxc4 e6 5.d4 c5 6.O-O a6 7.dxc5 Qxd1 8.Rxd1 Bxc5
9.Nbd2 b6 10.Nb3 Be7 11.Ne5 Nfd7 12.Nxd7 Nxd7 13.Nd4 Bb7 14.f3 Rc8 15.b3 b5
16.Bf1 g6 17.e4 e5 18.Ne2 Bc5+ 19.Kh1 Ke7 20.a4 b4 21.a5 Rhd8 22.Bd2 Nb8
23.Nc1 Nc6 24.Nd3 Bd6 25.Be3 f6 26.Nc5 Bxc5 27.Bxc5+ Ke8 28.Bb6 Rxd1 29.Rxd1 Nb8
30.Bc4 Ke7 31.Kg1 Nd7 32.Bf2 Rb8 33.Rc1 Kd6 34.Be1 Bc8 35.Bd5 Nc5 36.Bf2 Rb5
37.Bc4 Rxa5 38.Be1 Be6 39.Bxb4 Bxc4 40.Bxa5 Nxb3 41.Rxc4 Nxa5 42.Ra4 Nc6
43.Rxa6 h5 44.h4 Kd7 45.Kf2 f5 46.exf5 gxf5 47.Ra8 Nd8 48.Ra7+ Ke6 49.Rh7 Nf7
50.Rxh5 f4 51.Rh7 Kf6 52.Ke2 Kg6 53.Rxf7  1-0

[Event "Parsvnath ch-Commonwealth"]
[Site "New Delhi IND"]
[Date "2007.12.07"]
[Round "7"]
[White "Hegde,R1"]
[Black "Bharathi,R"]
[Result "1-0"]
[WhiteElo "2277"]
[BlackElo "2017"]

1.Nf3 d5 2.c4 e6 3.g3 Nf6 4.Bg2 Be7 5.O-O O-O 6.b3 c5 7.Bb2 Nc6 8.cxd5 Nxd5
9.Nc3 Bf6 10.Qc1 Nxc3 11.Bxc3 e5 12.d3 Bg4 13.h3 Be6 14.Kh2 Qc7 15.Ng5 Nd4
16.Bxd4 exd4 17.Nxe6 fxe6 18.Qc4 Qe7 19.Be4 Kh8 20.Kg2 Rad8 21.a4 e5 22.Rfc1 Rc8
23.b4 Bg5 24.Rc2 Qf6 25.Rf1 b6 26.a5 Rc7 27.axb6 axb6 28.Ra2 Qe7 29.b5 Qf6
30.Ra6 Bd2 31.Bf3 Ba5 32.h4 h6 33.h5 Qg5 34.Qe6 Rcf7 35.Qxf7 Rxf7 36.Ra8+ Kh7
37.Be4+ Rf5 38.Rf8 g6 39.hxg6+ Kxg6 40.Rxf5 Qd2 41.Rxe5+ Kf6 42.Rf5+ Kg7
43.Kf3 Qb2 44.Rh1 Bd2 45.Bc6 c4 46.dxc4 Qc3+ 47.Kg2 Qxc4 48.Rh4 Qe6 49.Rf3 Bc3
50.Be4 Bd2 51.Bd3 Qd5 52.Re4 Bg5 53.Re8 Bf6 54.Be4 Qxb5 55.Re6 Qxe2 56.Rfxf6 d3
57.Bf3 Qb2 58.Rg6+ Kf7 59.Rxb6 Qd4 60.Rgd6 Qc3 61.Rd7+ Ke8 62.Ra7  1-0

[Event "Parsvnath ch-Commonwealth"]
[Site "New Delhi IND"]
[Date "2007.12.07"]
[Round "7"]
[White "Sai,Sr"]
[Black "Pon,N"]
[Result "0-1"]
[WhiteElo "2302"]
[BlackElo "2140"]

1.Nf3 d5 2.c4 e6 3.b3 Nf6 4.g3 Be7 5.Bg2 O-O 6.O-O c5 7.e3 Nc6 8.Bb2 b6 9.cxd5 exd5
10.d4 Bg4 11.dxc5 bxc5 12.Qc1 Qd7 13.Nbd2 Rac8 14.Qc3 Rfd8 15.Rac1 d4 16.exd4 cxd4
17.Qc4 Be6 18.Qa4 d3 19.Rfd1 Nb4 20.Qxd7 Nxd7 21.a3 Nc2 22.b4 Nb6 23.Ne5 Na4
24.Ba1 Bf6 25.f4 Ne3 26.Re1 Bxe5 27.Bxe5 Nxg2 28.Kxg2 Rc2 29.Rcd1 Bg4 30.Kf2 Bxd1
31.Rxd1 f6 32.Ba1 Nc3 33.Bxc3 Rxc3 34.a4 Re8 35.Kf3 f5 36.Nf1 Re4 37.b5 Rxa4
38.Ne3 g6 39.Nd5 Rb3 40.Rd2 Kf7 41.Ke3 Re4+ 42.Kf3 Rd4 43.Nc7 Rd7 44.Na6 Rxb5
45.Ke3 Rd6  0-1

[Event "Parsvnath ch-Commonwealth"]
[Site "New Delhi IND"]
[Date "2007.12.08"]
[Round "8"]
[White "Lakshmi Narayanan,M"]
[Black "Vidit,S"]
[Result "1/2-1/2"]
[WhiteElo "2157"]
[BlackElo "2315"]

1.Nf3 d5 2.c4 c6 3.g3 Nf6 4.Bg2 e6 5.O-O Nbd7 6.cxd5 exd5 7.d4 Bd6 8.Nc3 O-O
9.Qc2 Re8 10.e4 Nxe4 11.Nxe4 dxe4 12.Ng5 Nf6 13.Nxe4 Bf5 14.Nxf6+ Qxf6 15.Qb3 Re7
16.Be3 Qg6 17.Rfe1 Rae8 18.Bd2 Rxe1+ 19.Rxe1 Rxe1+ 20.Bxe1 Qe6 21.Qe3 Bf8
22.a3  1/2-1/2

[Event "TCh-HUN 2007-8"]
[Site "Budapest HUN"]
[Date "2007.12.09"]
[Round "4"]
[White "Grunberg,M"]
[Black "Bernei,A"]
[Result "1-0"]
[WhiteElo "2427"]
[BlackElo "2274"]

1.Nf3 d5 2.c4 e6 3.g3 Nf6 4.Bg2 dxc4 5.Qa4+ c6 6.Qxc4 b5 7.Qb3 Bb7 8.O-O Nbd7
9.d4 a6 10.a4 Rc8 11.Rd1 Qb6 12.Nc3 c5 13.axb5 cxd4 14.Nxd4 Bxg2 15.Kxg2 Bc5
16.Rxa6 Qb7+ 17.f3 O-O 18.Nc6 Nb8 19.Nxb8 Rxb8 20.Qa4 h6 21.Bf4 Rbd8 22.Bd6 Bxd6
23.Rdxd6 Rxd6 24.Rxd6 Qc7 25.Qd4 Rb8 26.Rc6 Qb7 27.Qd6 Ne8 28.Qc5  1-0

[Event "Parsvnath ch-Commonwealth"]
[Site "New Delhi IND"]
[Date "2007.12.10"]
[Round "10"]
[White "Lakshmi Narayanan,M"]
[Black "Shristi,J"]
[Result "0-1"]
[WhiteElo "2157"]
[BlackElo "1916"]

1.Nf3 d5 2.c4 g6 3.g3 Nf6 4.Bg2 e6 5.O-O Bd6 6.b3 O-O 7.Bb2 Bd7 8.d3 Qe7
9.Qc2 e5 10.e4 dxe4 11.dxe4 Nh5 12.Nc3 Bg4 13.b4 c6 14.c5 Bc7 15.Ne2 Bxf3
16.Bxf3 a5 17.a3 Rd8 18.Rfd1  0-1

[Event "It"]
[Site "Podgorica MNE"]
[Date "2007.12.10"]
[Round "2"]
[White "Nikcevic,N"]
[Black "Mijovic,S"]
[Result "1/2-1/2"]
[WhiteElo "2421"]
[BlackElo "2228"]

1.c4 d5 2.Nf3 e6 3.d4 Be7 4.g3 Nf6 5.Nc3 O-O 6.Bg2 Nbd7 7.O-O dxc4 8.e4 a6
9.a4 Rb8 10.a5 b5 11.axb6 Nxb6 12.Qc2 Bb7 13.Rd1 h6 14.Bf4 Bb4 15.Ne5 Rc8
16.Qe2 Qe7 17.g4 g5 18.Bg3 Rfd8 19.h4 c5 20.hxg5 hxg5 21.Qe3 Ne8 22.d5 Bxc3
23.Qxc3 exd5 24.exd5 Nxd5 25.Qxc4 Nd6 26.Qc1 Nb5 27.Re1 Qf6 28.Nc4 Re8 29.Be5 Qh6
30.Qd2 Rcd8 31.Rad1 f6 32.Bg3 Rxe1+ 33.Qxe1 Qf8 34.Na5 Ba8 35.Nc6 Bxc6 36.Qe6+ Kh8
37.Qxc6 Nd4 38.Rxd4 cxd4 39.Bxd5 d3 40.Bb3 d2 41.Qf3 Qe7 42.Kg2 Kg7 43.Bd1 Qd7
44.Qb3 Qc6+ 45.f3 Rd7  1/2-1/2

[Event "ch-Central Serbia"]
[Site "Vrnjacka Banja SRB"]
[Date "2007.12.10"]
[Round "1"]
[White "Spiric,I"]
[Black "Dodic,D"]
[Result "0-1"]
[WhiteElo "2278"]
[BlackElo "2162"]

1.Nf3 d5 2.c4 c6 3.b3 Bf5 4.Bb2 e6 5.g3 Nf6 6.Bg2 Nbd7 7.O-O Be7 8.d3 h6
9.Nbd2 O-O 10.Re1 Re8 11.e4 Bg4 12.h3 Bh5 13.g4 Bg6 14.e5 Nh7 15.d4 b5 16.c5 a5
17.a4 b4 18.Nh2 Bg5 19.Ndf3 Be7 20.Bc1 f5 21.exf6 Bxf6 22.Bf4 Ng5 23.Nxg5 hxg5
24.Bd6 e5 25.dxe5 Nxe5 26.Ra2 Nf7 27.Rxe8+ Qxe8 28.Re2 Qd7 29.Bxd5 cxd5 30.Qxd5 Rd8
31.Nf3 Kh8 32.Re6 Re8 33.Nd4 Bxd4 34.Rxg6 Bf6 35.Qf3 Qe6 36.Bg3 Kh7  0-1

[Event "ch-Central Serbia"]
[Site "Vrnjacka Banja SRB"]
[Date "2007.12.11"]
[Round "2"]
[White "Radosavljevic,SD"]
[Black "Vasic,Vladi"]
[Result "1-0"]
[WhiteElo "2256"]
[BlackElo "2185"]

1.Nf3 d5 2.c4 Nf6 3.g3 c5 4.d4 cxd4 5.Bg2 Qa5+ 6.Nbd2 Nc6 7.O-O e5 8.Nb3 Qd8
9.cxd5 Nxd5 10.Nxe5 Nxe5 11.Qxd4 Nc6 12.Qxd5 Qxd5 13.Bxd5 Nb4 14.Be4 Be6
15.Nd4 Bd5 16.Bxd5 Nxd5 17.e4 Nb4 18.a3 Bc5 19.Nb5 Nc2 20.Ra2 Rc8 21.b4 Nd4
22.bxc5 Nxb5 23.Rb2 Rxc5 24.Be3 Re5 25.a4 Na3 26.Rc1 O-O 27.Rc3 Rxe4 28.Rxa3 b6  1-0

[Event "XVII Magistral"]
[Site "Elgoibar ESP"]
[Date "2007.12.12"]
[Round "4"]
[White "Mirzoev,A"]
[Black "Vega Gutierrez,S"]
[Result "1-0"]
[WhiteElo "2545"]
[BlackElo "2331"]

1.Nf3 d5 2.c4 e6 3.b3 Nf6 4.Bb2 c6 5.g3 Bd6 6.Bg2 Qe7 7.d4 Nbd7 8.O-O O-O
9.Nbd2 b6 10.Qc2 Bb7 11.Rad1 Rac8 12.e4 dxe4 13.Nxe4 Nxe4 14.Qxe4 Nf6 15.Qh4 h6
16.Rfe1 Rfd8 17.Re2 Ba3 18.Ba1 Ne8 19.Qf4 Qf8 20.Ne5 Nf6 21.h4 Bd6 22.Qc1 Ba8
23.Ree1 Bb4 24.Rf1 Ba3 25.Qe3 c5 26.Bxa8 cxd4 27.Bxd4 Rxa8 28.Nc6 Rd6 29.Qf3 Nd7
30.b4 a5 31.Ne7+ Kh7 32.Bxg7 Qxe7 33.Rxd6 Bxb4 34.Qd3+ Kxg7 35.Rxd7 Qf6 36.Rd1 Bc5
37.Qe2 a4 38.Kg2 a3 39.R1d3 Rf8 40.Rf3 Qg6 41.Rf4 h5 42.Qe5+ Kg8 43.Rf6 Qg7
44.Rxe6 Qxe5 45.Rxe5  1-0

[Event "SVDB IM Norm"]
[Site "Eupen BEL"]
[Date "2007.12.14"]
[Round "8"]
[White "Roeder,M"]
[Black "Philipowski,R"]
[Result "1/2-1/2"]
[WhiteElo "2452"]
[BlackElo "2299"]

1.Nf3 d5 2.c4 c6 3.e3 Nf6 4.Nc3 e6 5.b3 Nbd7 6.Qc2 Bd6 7.Bb2 O-O 8.Be2 Qe7
9.O-O e5 10.cxd5 Nxd5 11.Ne4 Bb8 12.Ng3 N7f6 13.d3 Re8 14.a3 a5 15.Rfe1 Ng4
16.h3 Nh6 17.Bf1 f6 18.e4 Nf4 19.d4 Nf7 20.Nf5 Bxf5 21.exf5 e4 22.g3 Nd5
23.Nd2 e3 24.Nc4 Qc7 25.Bg2 Kf8 26.Nxe3 Nxe3 27.Qc5+ Qd6 28.Rxe3 Rxe3 29.fxe3 Qxc5
30.dxc5 Bxg3 31.Rd1 Be5 32.Bd4 Re8 33.b4 axb4 34.axb4 Nh6 35.Rf1 Re7 36.Rf2 Bg3
37.Rf3 Be1 38.b5 cxb5 39.Kf1 Bb4 40.Rf4 Rc7 41.Bxf6 gxf6 42.Rxb4 Rxc5 43.Bxb7 Nxf5
44.Kf2 Ke7 45.Be4 Re5 46.Bd3 Nxe3 47.Bxb5 Nc2 48.Rb2 Rf5+ 49.Kg3 Nd4 50.Bc4 Rg5+
51.Kf4 Ne6+ 52.Bxe6 Kxe6 53.Rb7 h5 54.Rh7 Ra5 55.h4 Ra4+ 56.Kg3 Ra5 57.Kf4 Rf5+
58.Ke4 Re5+ 59.Kf4 Kd5 60.Rd7+ Ke6 61.Rh7 Ra5  1/2-1/2

[Event "7th Amplico AIG Life"]
[Site "Warsaw POL"]
[Date "2007.12.15"]
[Round "1"]
[White "Markowski,T"]
[Black "Goslawski,M"]
[Result "1-0"]
[WhiteElo "2584"]
[BlackElo "1862"]

1.Nf3 d5 2.c4 e6 3.g3 Nf6 4.Bg2 Be7 5.O-O O-O 6.d4 dxc4 7.Ne5 c5 8.dxc5 Qc7
9.Nxc4 Qxc5 10.b3 Rd8 11.Nbd2 Qh5 12.Bb2 Nbd7 13.e3 Qg6 14.Qe2 Rb8 15.Nf3 Qh5
16.Rfd1 Nd5 17.Rac1 b5 18.Na5 Bb7 19.Nxb7 Rxb7 20.Nd4 Qxe2 21.Nxe2 N7b6 22.Nd4 a6
23.Nc6 Re8 24.e4 Nb4 25.Nxe7+ Rbxe7 26.a3  1-0

[Event "7th Amplico AIG Life"]
[Site "Warsaw POL"]
[Date "2007.12.15"]
[Round "4"]
[White "Skalski,M"]
[Black "Matras,A"]
[Result "0-1"]
[WhiteElo "2443"]
[BlackElo "2233"]

1.Nf3 d5 2.c4 c6 3.d4 Nf6 4.e3 Bf5 5.Nc3 e6 6.Nh4 Bg4 7.Qb3 Qb6 8.h3 Bh5
9.g4 Bg6 10.Nxg6 hxg6 11.Bg2 Nbd7 12.Bd2 Be7 13.c5 Qc7 14.f4 b6 15.cxb6 Qxb6
16.O-O c5 17.g5 Nh5 18.Ne2 Qa6 19.Qd1 Rb8 20.Bc3 c4 21.Qd2 Nb6 22.b3 cxb3
23.axb3 Qb7 24.Ra2 Nc8 25.Rfa1 f6 26.h4 Kf7 27.Kf2 Qb6 28.Nc1 Rb7 29.Ra6 Qc7
30.Nd3 Rxb3 31.Bb4 Rxd3 32.Qxd3 Bxb4 33.Qb3 Nxf4 34.Bf1 Rxh4 35.Qxb4 Rh2+
36.Ke1 Ng2+ 37.Bxg2 Qg3+ 38.Kd1 Qxg2 39.R6a2 Rh1+ 40.Qe1 Rxe1+ 41.Kxe1 Qxg5
42.Kd2 Qg2+ 43.Kc3 Qe4 44.Kd2 g5 45.Rc2 Nd6 46.Rxa7+ Kg6  0-1

[Event "7th Amplico AIG Life"]
[Site "Warsaw POL"]
[Date "2007.12.15"]
[Round "6"]
[White "Skalski,M"]
[Black "Schacht,H"]
[Result "1-0"]
[WhiteElo "2443"]
[BlackElo "2240"]

1.Nf3 d5 2.c4 e6 3.d4 c5 4.cxd5 exd5 5.g3 Nc6 6.Bg2 Nf6 7.O-O Be7 8.dxc5 Bxc5
9.Qc2 Bb6 10.Nc3 d4 11.Na4 O-O 12.Bg5 h6 13.Bf4 Be6 14.Ne5 Bd5 15.Nxc6 bxc6
16.Rac1 Rc8 17.Bh3 Ra8 18.b3 Re8 19.Rfd1 Ne4 20.Nxb6 Qxb6 21.Qd3 c5 22.f3 Nc3
23.Rd2 Bb7 24.Rxc3 dxc3 25.Qxc3 Rad8 26.Be3 Rxd2 27.Qxd2 Ba6 28.Kf2 Qc6 29.Bd7 Qa8
30.Bxe8 Qxe8 31.Bxc5 Qa8 32.Qe3 Bb7 33.Bxa7 Bd5 34.Bd4 f6 35.Qd2 Qc6 36.b4 Bf7
37.a3 Qa4 38.Qd3 Be8 39.Qc4+  1-0

[Event "7th Amplico AIG Life"]
[Site "Warsaw POL"]
[Date "2007.12.15"]
[Round "8"]
[White "Skalski,M"]
[Black "Kogan,Ar"]
[Result "1-0"]
[WhiteElo "2443"]
[BlackElo "2590"]

1.Nf3 d5 2.c4 d4 3.g3 Nc6 4.Bg2 e5 5.d3 Bb4+ 6.Nbd2 a5 7.O-O Nf6 8.Ne1 O-O
9.a3 Be7 10.b3 Bf5 11.Rb1 Qd7 12.Nc2 Bh3 13.b4 axb4 14.axb4 Bxg2 15.Kxg2 Qe6
16.b5 Nb8 17.Nf3 Nbd7 18.e3 dxe3 19.Bxe3 Rfd8 20.Qe2 e4 21.Nfd4 exd3 22.Qxd3 Qe4+
23.Qxe4 Nxe4 24.Nf5 Bf6 25.Bf4 g6 26.Nh6+ Kg7 27.Ng4 Bg5 28.Bxg5 Nxg5 29.Ra1 Ne6
30.Nb4 Nb6 31.Ne3 Rxa1 32.Rxa1 Rd4 33.Nbc2 Rd2 34.Ra7 Nc5 35.Nb4 Nc8 36.Ra2 Rxa2
37.Nxa2 Nd3 38.f4 Nb6 39.Nc3 c6 40.Kf3 f5 41.bxc6 bxc6 42.Nb1 Kf6 43.Na3 Ke6
44.Ke2 Nc5 45.Nac2 Kd6 46.Ne1 Nb3 47.Nf3 Kc5 48.Kd3 Nc1+ 49.Kd2 Nb3+ 50.Kc3 Na5
51.Ne5 Na4+ 52.Kd3 Kb4 53.Nc2+ Kc5 54.Ne3 Nb2+ 55.Kc3 Na4+ 56.Kd3 Nb7 57.Nd7+ Kd6
58.Nf8 Nbc5+ 59.Kc2 Ne6 60.Nxh7 Kc5 61.Kd3 Nb2+ 62.Kc3 Na4+ 63.Kd2 Kd4 64.Nf6 Nb6
65.Ng8 Nc8 66.Nf6 Nd6 67.Nd7 Nf7 68.Ke2 c5 69.Nb6 Nd6 70.Nd7 Nxc4 71.Nxc4 Kxc4
72.Ne5+ Kb3 73.Nxg6 c4 74.Ne5 c3 75.Nd3 Nd4+ 76.Ke3 Nc2+ 77.Ke2 Nd4+ 78.Ke3 Nc2+
79.Ke2 Nd4+ 80.Ke3 Nc2+ 81.Kf2 Kc4 82.Nc1 Nd4 83.h4 Nb3 84.Na2 c2 85.h5 Nc5
86.h6 Kb3 87.Nc1+ Kb2 88.Ne2 Ne4+ 89.Kf3 Nf6 90.Kg2 Nh7 91.g4 fxg4 92.f5  1-0

[Event "XX Carlos Torre Magistral"]
[Site "Merida MEX"]
[Date "2007.12.16"]
[Round "3"]
[White "Hernandez Guerrero,G"]
[Black "Bachmann,Ax"]
[Result "1/2-1/2"]
[WhiteElo "2536"]
[BlackElo "2481"]

1.Nf3 d5 2.c4 e6 3.g3 Nf6 4.Bg2 Be7 5.O-O O-O 6.b3 c5 7.Bb2 Nc6 8.e3 b6 9.Nc3 Ba6
10.d3 Qd7 11.Qe2 dxc4 12.dxc4 Rad8 13.Rfd1 Qc8 14.Ng5 Bb7 15.Nge4 Rxd1+ 16.Rxd1 Rd8
17.Rxd8+ Qxd8 18.Nxf6+  1/2-1/2

[Event "Open A"]
[Site "Zadar CRO"]
[Date "2007.12.16"]
[Round "1"]
[White "Milchev,N"]
[Black "Fercec,N"]
[Result "0-1"]
[WhiteElo "2328"]
[BlackElo "2487"]

1.Nf3 d5 2.c4 d4 3.g3 Nc6 4.d3 e5 5.Bg2 Bg4 6.O-O Qd7 7.a3 O-O-O 8.b4 f6
9.b5 Nce7 10.a4 Bh3 11.Nbd2 Ng6 12.a5 h5 13.Ne4 Bxg2 14.Kxg2 h4 15.b6 cxb6
16.axb6 a6 17.c5 hxg3 18.fxg3 Kb8 19.c6 Qxc6 20.Bd2 f5 21.Neg5 Nh6 22.Rc1 Qd5
23.Qc2 Bd6 24.Qc4 Qxc4 25.Rxc4 Rd7 26.Ne6 Ng4 27.h3 Nf6 28.Nfg5 Nd5 29.Rxf5 Nxb6
30.Rc1 Re8 31.h4 Ne7 32.Rf7 g6 33.Rg7 Rg8 34.Rxg8+ Nxg8 35.Ne4 Nd5 36.g4 Ngf6
37.g5 Nxe4 38.dxe4 Nc7 39.Nc5 Rf7 40.Kg3 b6 41.Nd3 Kb7 42.Kg4 a5 43.Rh1 a4
44.Bb4 Kc6 45.Rc1+ Kd7 46.Rh1 Ne6 47.Rb1 Bc7 48.Ra1 b5 49.Rb1 Nf4 50.Nxf4 exf4
51.Bc5 Be5 52.Rxb5 Kc6 53.Ra5 Bc7 54.Ra6+ Kxc5 55.Rxg6 Bb6 56.Rf6 a3 57.Rxf4 Re7
58.g6 a2 59.Rf1 Rxe4+ 60.Kf5 Rxe2 61.g7 Rg2 62.Kf6 d3 63.Kf7 Kb4 64.Ra1 Rxg7+  0-1

[Event "XX Carlos Torre Magistral"]
[Site "Merida MEX"]
[Date "2007.12.17"]
[Round "4"]
[White "Janix,I"]
[Black "Perez Rodriguez,L"]
[Result "0-1"]
[WhiteElo "2181"]
[BlackElo "2432"]

1.Nf3 d5 2.c4 c6 3.g3 Nf6 4.Bg2 Bf5 5.O-O e6 6.a3 dxc4 7.b3 cxb3 8.Qxb3 Qb6
9.Qa2 Be7 10.d3 O-O 11.Nbd2 Nbd7 12.Nc4 Qa6 13.Nh4 Bg6 14.Nxg6 hxg6 15.a4 Nd5
16.e4 Nb4 17.Qb1 Rad8 18.Bd2 Nxd3 19.Qxd3 Nb6 20.Qb3 Qxc4 21.Qxc4 Nxc4 22.Bc3 Bf6
23.Rfc1 Bxc3 24.Rxc3 Na5 25.Rb1 Rd4  0-1

[Event "VI Memorial Pereyra"]
[Site "Mendoza ARG"]
[Date "2007.12.18"]
[Round "5"]
[White "Soppe,G"]
[Black "Pereyra,J"]
[Result "1-0"]
[WhiteElo "2421"]
[BlackElo "2222"]

1.Nf3 d5 2.c4 c6 3.d4 Nf6 4.Qc2 e6 5.g3 Nbd7 6.Bg2 Be7 7.O-O O-O 8.Nbd2 b6
9.e4 dxe4 10.Nxe4 Bb7 11.Rd1 Qc8 12.Nc3 Rd8 13.Bf4 Nf8 14.Qe2 Ng6 15.Be3 c5
16.dxc5 Rxd1+ 17.Rxd1 Bxc5 18.Bxc5 Qxc5 19.b3 Re8 20.Nb5 a6 21.Nd6 Bxf3 22.Bxf3 Rd8
23.Nb7 Rxd1+ 24.Qxd1 Qc7 25.Qd6 Ne8 26.Qxc7 Nxc7 27.Nd6 Ne5 28.Be2 Nc6 29.Kf1 Na7
30.Ke1 Kf8 31.f4 Ke7 32.Ne4 f5 33.Ng5 h6 34.Nf3 Nc6 35.Kd2 Kd6 36.Kc3 a5
37.a3 Na6 38.Nd4 Nxd4 39.Kxd4 Nc5 40.b4 axb4 41.axb4 Na6 42.Kc3 Nb8 43.Bf3 g5
44.fxg5 hxg5 45.h4 gxh4 46.gxh4 e5 47.Bb7 Ke6 48.Bc8+ Kf6 49.b5 Kg6 50.Kd3 Kf6
51.h5 Kg5 52.h6 Kxh6 53.Bxf5 Kg5 54.Ke4 Kf6 55.Bh3 Ke7 56.Kxe5 Kd8 57.Bg4 Ke7
58.Be6 Kd8 59.Kd6 Nd7 60.Kc6 Nc5 61.Bf5 Ke7 62.Kxb6 Kd6 63.Ka7 Ke5 64.Bh3  1-0